[Event "Hessen-ch"]
[Site "Frankfurt/Main"]
[Date "2019.05.29"]
[Round "1"]
[White "Bethke, Richard"]
[Black "Lesny, Florian"]
[Result "1-0"]
[WhiteElo "2246"]
[BlackElo "2126"]
[PlyCount "103"]
[EventDate "2019.05.29"]
[EventType "swiss"]
[EventRounds "9"]
[EventCountry "GER"]

{[%evp 0,103,27,17,77,84,101,70,70,56,56,57,74,58,52,52,38,38,33,32,82,39,36,7,
55,23,21,21,22,22,22,22,44,20,21,0,18,-30,-25,-25,-12,-13,-11,-11,-7,0,0,-11,
-30,-41,-42,-17,29,43,43,19,14,23,34,38,67,53,72,45,59,67,74,67,69,82,87,116,
168,151,151,151,215,183,170,171,175,180,180,193,238,238,238,252,252,236,209,
277,318,317,317,317,317,317,376,378,369,369,404,553,553,562]} 1. e4 c5 2. Nf3
d6 3. d4 cxd4 4. Nxd4 Nf6 5. Nc3 a6 6. Be3 e5 7. Nf3 Be7 8. Bc4 O-O 9. O-O Qc7
10. Bd5 Be6 11. Bg5 Nxd5 12. Nxd5 Bxd5 13. Bxe7 Qxe7 14. Qxd5 Nc6 15. c3 Rac8
16. Rfd1 Rfd8 17. Nd2 Qc7 18. Nf1 Ne7 19. Qb3 Qc6 20. Qb4 Rd7 21. Ne3 d5 22.
exd5 Nxd5 23. Qe4 Rcd8 24. Nf5 Qe6 25. Qg4 Qg6 26. Ne7+ Rxe7 27. Rxd5 Ree8 28.
Qxg6 hxg6 29. Rad1 Rc8 30. Rd7 b5 31. Kf1 Rc6 32. Ra7 Rf6 33. Ke2 Rb8 34. a3
Rc8 35. Re7 Rc5 36. Rd8+ Kh7 37. Rf8 a5 38. Rfxf7 Rxf7 39. Rxf7 b4 40. axb4
axb4 41. cxb4 Rc2+ 42. Kd3 Rxb2 43. Kc3 Rb1 44. Kc4 Kg8 45. Rf3 Rb2 46. b5 e4
47. Rb3 Rxf2 48. b6 Rf8 49. b7 Rb8 50. Kc5 e3 51. Kc6 e2 52. Re3 1-0

[Event "Hessen-ch"]
[Site "Frankfurt/Main"]
[Date "2019.05.29"]
[Round "1"]
[White "Carow, Johannes"]
[Black "Keller, Peter"]
[Result "1-0"]
[WhiteElo "2445"]
[BlackElo "2237"]
[PlyCount "79"]
[EventDate "2019.05.29"]
[EventType "swiss"]
[EventRounds "9"]
[EventCountry "GER"]

{[%evp 0,79,26,20,69,42,50,63,74,53,53,16,3,-4,10,10,25,-28,22,35,60,55,51,31,
60,45,93,57,92,116,129,47,100,2,11,-58,-58,55,72,86,86,109,87,87,87,83,87,115,
86,38,61,30,76,200,270,238,205,173,210,216,211,266,266,115,177,175,225,225,250,
250,211,168,213,196,199,196,219,85,195,156,387,391]} 1. d4 f5 2. g3 Nf6 3. Bg2
g6 4. c3 Bg7 5. Qb3 Nc6 6. Nd2 d5 7. Ndf3 O-O 8. h4 h6 9. Nh3 e6 10. Nf4 Qe8
11. Nd3 Ne4 12. Bf4 Nd6 13. Nfe5 Na5 14. Qc2 b6 15. g4 Bb7 16. Bh3 c5 17. Nxg6
Qxg6 18. h5 Qf7 19. Bxd6 fxg4 20. Bxg4 cxd4 21. Bxf8 Rxf8 22. cxd4 Bxd4 23. e3
Bg7 24. Rc1 d4 25. Rg1 Be4 26. Qc7 Kh7 27. Qxf7 Rxf7 28. Ke2 Nc6 29. Bxe6 Re7
30. Nf4 d3+ 31. Kd2 Ne5 32. Rg3 Nf3+ 33. Kd1 Ng5 34. Bd5 Bxb2 35. Rc8 Bf5 36.
Rc6 Bd7 37. Rc4 Be5 38. Rxg5 hxg5 39. Ng6 b5 40. Re4 1-0

[Event "Hessen-ch"]
[Site "Frankfurt/Main"]
[Date "2019.05.29"]
[Round "1"]
[White "Dorst, Johannes"]
[Black "Weber, Samuel"]
[Result "0-1"]
[WhiteElo "2262"]
[BlackElo "2160"]
[PlyCount "96"]
[EventDate "2019.05.29"]
[EventType "swiss"]
[EventRounds "9"]
[EventCountry "GER"]

{[%evp 0,96,27,-29,-29,-51,1,-15,18,-19,27,-3,35,10,28,4,1,-9,-6,7,13,-10,10,
17,30,10,10,18,14,-25,-24,-46,-4,-64,18,-1,39,41,48,18,65,-2,24,6,26,8,29,-63,
-79,-95,-93,-93,-90,-115,-126,-131,-131,-152,-176,-172,-122,-122,-131,-129,-89,
-89,-83,-109,-151,-151,-138,-138,-90,-61,51,19,-41,-41,28,6,46,46,46,96,-336,
-336,-317,-435,-346,-346,-335,-349,-346,-338,-369,-370,-314,-337,-348]} 1. c4
Nf6 2. g3 g6 3. Bg2 Bg7 4. Nf3 O-O 5. O-O c5 6. Nc3 d6 7. a3 Nc6 8. Rb1 Bf5 9.
d3 Nd7 10. Nd5 Nb6 11. Ne3 Bd7 12. b4 Nd4 13. Nxd4 cxd4 14. Nc2 Na4 15. Bd2 Qc7
16. e3 e5 17. b5 Nc5 18. Nb4 Bf5 19. Qe2 dxe3 20. Bxe3 Qa5 21. g4 Be6 22. Nc2
Rab8 23. Bd2 Bxg4 24. f3 Qa4 25. Ne3 Be6 26. Bb4 a5 27. Bxc5 dxc5 28. Qa2 Rbd8
29. Rb3 e4 30. fxe4 Bd4 31. Re1 f5 32. exf5 Bxf5 33. Kh1 Rde8 34. Nc2 Rxe1+ 35.
Nxe1 Re8 36. Bd5+ Kh8 37. Nf3 Bf6 38. Bxb7 g5 39. Bd5 g4 40. Ng1 Re1 41. b6
Qxb3 42. Qf2 Qb1 43. Qxc5 Rxg1+ 44. Qxg1 Qxg1+ 45. Kxg1 Bd4+ 46. Kg2 Bxb6 47.
Be4 Bxe4+ 48. dxe4 Bc7 0-1

[Event "Hessen-ch"]
[Site "Frankfurt/Main"]
[Date "2019.05.29"]
[Round "1"]
[White "Henrich, Thomas"]
[Black "Jakel, Wolfgang"]
[Result "1-0"]
[WhiteElo "2142"]
[BlackElo "2246"]
[PlyCount "61"]
[EventDate "2019.05.29"]
[EventType "swiss"]
[EventRounds "9"]
[EventCountry "GER"]

{[%evp 0,61,27,27,86,77,111,93,93,64,65,56,77,78,72,39,41,41,41,7,83,54,92,49,
104,89,88,58,75,72,66,40,28,15,45,29,56,26,39,-53,-36,-33,6,6,32,53,35,74,74,
42,85,84,110,116,262,292,331,252,312,317,453,485,832,806]} 1. e4 c5 2. Nf3 d6
3. d4 cxd4 4. Nxd4 Nf6 5. Nc3 a6 6. Be3 e5 7. Nb3 Be6 8. f3 Be7 9. Qd2 Nc6 10.
Nd5 Bxd5 11. exd5 Nb8 12. c4 O-O 13. Be2 Nbd7 14. Na5 Qc8 15. Qb4 Nc5 16. Qa3
Bd8 17. O-O Re8 18. Rac1 e4 19. f4 Nd3 20. Rc3 Bxa5 21. Qxa5 Nd7 22. Qa3 Qc7
23. Rd1 Nf6 24. h3 Nc5 25. Bd4 a5 26. Rg3 Kh8 27. Rxg7 Qe7 28. Qg3 Rg8 29.
Rxg8+ Rxg8 30. Qh4 Rg6 31. f5 1-0

[Event "Hessen-ch"]
[Site "Frankfurt/Main"]
[Date "2019.05.29"]
[Round "1"]
[White "Meyner, Hannes"]
[Black "Dubiel, Jacek"]
[Result "0-1"]
[WhiteElo "2228"]
[BlackElo "2428"]
[PlyCount "90"]
[EventDate "2019.05.29"]
[EventType "swiss"]
[EventRounds "9"]
[EventCountry "GER"]

{[%evp 0,90,26,20,20,34,34,26,34,14,16,1,29,19,24,14,29,5,1,-26,-18,-40,-10,
-33,-15,-18,-14,-26,-9,-33,-7,-71,-37,-25,9,9,50,-73,60,-31,0,-25,2,4,4,23,22,
-37,-22,-17,-17,-43,-43,-61,-61,-88,-82,-97,-85,-130,-135,-154,-178,-178,-159,
-178,-185,-181,-168,-257,-230,-266,-266,-268,-224,-187,-187,-206,-163,-216,
-163,-196,-186,-219,-149,-218,-165,-250,-258,-261,-251,-261,-251]} 1. d4 Nf6 2.
Bf4 e6 3. e3 d5 4. Nd2 Bd6 5. Bg3 c5 6. Ngf3 O-O 7. c3 b6 8. Bd3 Bb7 9. Qe2 Nc6
10. Rd1 Rc8 11. e4 Be7 12. e5 Nh5 13. a3 a5 14. h4 g6 15. Bh2 cxd4 16. cxd4 f5
17. exf6 Bxf6 18. g4 Nxd4 19. Nxd4 Bxd4 20. Nf3 Nf4 21. Bxf4 Rxf4 22. Nxd4 Rxd4
23. Qxe6+ Kg7 24. Qe5+ Qf6 25. Qxf6+ Kxf6 26. g5+ Kg7 27. Rh3 Re8+ 28. Kf1 Bc8
29. Rg3 Rxh4 30. Kg2 d4 31. Rc1 Bb7+ 32. f3 Re7 33. Rc2 Rf4 34. Rf2 Re3 35. Be2
d3 36. Bd1 Bd5 37. Rd2 Bc4 38. Kf2 Re5 39. Rg1 Bb5 40. Bb3 a4 41. Bd1 Rff5 42.
Rg4 Rxg5 43. Rb4 Rh5 44. Kg3 Reg5+ 45. Kf4 Kf6 0-1

[Event "Hessen-ch"]
[Site "Frankfurt/Main"]
[Date "2019.05.29"]
[Round "1"]
[White "Neukirchner, Pascal"]
[Black "Rubsamen, Cornelius"]
[Result "1-0"]
[WhiteElo "2288"]
[BlackElo "2208"]
[PlyCount "99"]
[EventDate "2019.05.29"]
[EventType "swiss"]
[EventRounds "9"]
[EventCountry "GER"]

{[%evp 0,99,28,29,29,-30,51,11,23,23,37,36,25,3,68,-6,67,67,85,65,90,48,63,42,
74,37,63,-22,63,88,88,103,103,117,149,149,148,148,171,115,115,89,102,89,106,48,
65,26,-14,-17,60,60,93,27,28,78,78,51,78,0,55,58,58,34,34,16,16,-42,9,-78,28,
18,26,19,53,34,34,34,110,132,130,80,90,76,96,103,137,103,137,83,94,90,149,149,
233,214,242,163,178,203,1254,2456]} 1. d4 Nf6 2. c4 g6 3. f3 Bg7 4. e4 d6 5.
Nc3 O-O 6. Bg5 c5 7. d5 e6 8. Qd2 exd5 9. cxd5 a6 10. a4 h6 11. Be3 Nh7 12. Be2
f5 13. exf5 gxf5 14. Nh3 Qh4+ 15. Bf2 Qf6 16. Nf4 Qf7 17. O-O Re8 18. Rfe1 Nf8
19. Bc4 Nbd7 20. Rxe8 Qxe8 21. Re1 Ne5 22. Ba2 Bd7 23. Ne6 Qg6 24. Kh1 Re8 25.
Nxg7 Kxg7 26. Ne2 Bxa4 27. Nf4 Qf7 28. Ne6+ Kh7 29. Bb1 Nxe6 30. dxe6 Rxe6 31.
Qf4 Bd7 32. Qxf5+ Kg8 33. Qc2 c4 34. Bg3 Bc6 35. Qc3 Nd3 36. Bxd3 Rxe1+ 37.
Bxe1 cxd3 38. Qxd3 Qe6 39. Bc3 Kf8 40. h3 Ke8 41. Bb4 Kd7 42. Qh7+ Ke8 43. Qh8+
Kf7 44. Qd4 Qe5 45. Qd2 Ke7 46. Qxh6 Qxb2 47. Qxd6+ Kf7 48. Qe7+ Kg6 49. h4 Qf6
50. h5+ 1-0

[Event "Hessen-ch"]
[Site "Frankfurt/Main"]
[Date "2019.05.29"]
[Round "1"]
[White "Schmidt, Walter"]
[Black "Zude, Arno"]
[Result "1/2-1/2"]
[WhiteElo "2225"]
[BlackElo "2384"]
[PlyCount "136"]
[EventDate "2019.05.29"]
[EventType "swiss"]
[EventRounds "9"]
[EventCountry "GER"]

{[%evp 0,136,20,34,34,34,29,-24,-16,-15,11,11,31,19,63,41,44,49,51,23,36,32,55,
51,53,24,41,38,47,4,-5,-29,-29,-32,12,11,-2,-26,13,7,14,-4,11,8,-4,-26,-26,-19,
-18,-30,3,1,22,-1,2,-10,-9,-1,29,-11,-1,-12,-12,-27,-9,-23,-3,-33,-40,-44,-31,
-26,-5,0,-1,-4,-12,-36,-37,-32,-27,-37,-12,-37,-54,-61,-65,-71,-55,-58,-32,-73,
-46,-48,-12,-23,-21,-18,-6,-26,-40,-43,-91,-91,-101,-101,-100,-98,-98,-101,
-101,-106,-107,-107,-107,-107,-107,-107,-107,-107,-107,-107,-98,-107,-107,-102,
-41,-44,-33,-106,-106,-106,-106,-106,-106,-106,-80,-80,-80]} 1. d4 Nf6 2. Nf3
d5 3. c4 e6 4. Nc3 Be7 5. Bf4 O-O 6. e3 c5 7. dxc5 Bxc5 8. cxd5 exd5 9. Be2 Nc6
10. O-O Be6 11. Rc1 Rc8 12. Qa4 Qe7 13. Rfd1 h6 14. Nd4 Bd7 15. Qc2 Nxd4 16.
exd4 Bb4 17. Bd3 Rfe8 18. Qb3 Bc6 19. h3 Bd6 20. Bxd6 Qxd6 21. Nb5 Bxb5 22.
Qxb5 Rxc1 23. Rxc1 Qf4 24. Rd1 b6 25. Qc6 g6 26. Qc1 Qh4 27. Qc3 Kg7 28. a3 Qf4
29. Qc1 Qh4 30. Qc3 Re6 31. Qb3 Qf4 32. Qc3 Re7 33. Qb3 h5 34. Qb4 Re6 35. Qc3
h4 36. Qc1 Nh5 37. Qxf4 Nxf4 38. Bb5 Kf6 39. Kf1 Re4 40. Rd2 Ke6 41. Ba6 Kd6
42. Bc8 f5 43. f3 Re3 44. Ba6 Rb3 45. Kf2 Ne6 46. Be2 f4 47. Bd1 Re3 48. Bc2 g5
49. Bf5 Nd8 50. Re2 Rxe2+ 51. Kxe2 Nc6 52. Kd3 Na5 53. Kc3 Nc4 54. b3 Ne3 55.
Bd3 Nxg2 56. Kd2 Kc6 57. a4 Kd6 58. Bg6 Ke6 59. Bh7 Kf7 60. Bd3 Kf6 61. Bh7 Ne3
62. Ke2 b5 63. axb5 Nf5 64. Bxf5 Kxf5 65. b6 axb6 66. Kf2 Ke6 67. b4 Kd7 68. b5
Kd6 1/2-1/2

[Event "Hessen-ch"]
[Site "Frankfurt/Main"]
[Date "2019.05.29"]
[Round "1"]
[White "Uwira, Oliver"]
[Black "Alber, Horst"]
[Result "1/2-1/2"]
[WhiteElo "2184"]
[BlackElo "2271"]
[PlyCount "79"]
[EventDate "2019.05.29"]
[EventType "swiss"]
[EventRounds "9"]
[EventCountry "GER"]

{[%evp 0,65,28,27,78,66,73,19,57,57,55,22,36,14,46,14,26,10,66,18,23,25,90,79,
73,54,84,88,86,85,70,72,68,66,76,-12,3,4,4,58,58,58,58,52,50,44,58,55,60,83,
101,101,166,182,164,179,177,154,164,163,179,149,182,162,170,172,172,136]} 1. d4
g6 2. c4 Nf6 3. Nc3 Bg7 4. e4 d6 5. f3 O-O 6. Bg5 Na6 7. Qd2 c5 8. d5 Nc7 9.
Nge2 a6 10. Ng3 e6 11. Be2 b5 12. O-O bxc4 13. Bxc4 Rb8 14. Rad1 exd5 15. Bxd5
Ne6 16. Bxe6 Bxe6 17. e5 dxe5 18. Qxd8 Rfxd8 19. Rxd8+ Rxd8 20. Nge4 Nxe4 21.
Bxd8 Nxc3 22. bxc3 e4 23. fxe4 Bxc3 24. Bf6 Bxf6 25. Rxf6 Bxa2 26. Rxa6 Be6 27.
Kf2 Kg7 28. e5 g5 29. Ke3 h6 30. Ra5 c4 31. Ra6 h5 32. Kd4 Kg6 33. g3 Kf5 34.
Ra2 Kg4 35. Rf2 h4 36. gxh4 Kxh4 37. Rf3 Kg4 38. Rg3+ Kf4 39. Rc3 Kf5 40. Rg3
1/2-1/2

[Event "Hessen-ch"]
[Site "Frankfurt/Main"]
[Date "2019.05.29"]
[Round "1"]
[White "Zude, Erik"]
[Black "Arndt, Stefan"]
[Result "1/2-1/2"]
[WhiteElo "2402"]
[BlackElo "2225"]
[PlyCount "170"]
[EventDate "2019.05.29"]
[EventType "swiss"]
[EventRounds "9"]
[EventCountry "GER"]

1. c4 f5 2. Nc3 Nf6 3. Nf3 d6 4. g3 e5 5. d3 Be7 6. Bg2 O-O 7. O-O Qe8 8. e3
Nc6 9. Rb1 a5 10. a3 Qh5 11. Nh4 g5 12. Qxh5 Nxh5 13. Nf3 f4 14. Nd2 Bf5 15.
Nde4 Rae8 16. Bd2 Bd8 17. Nd5 Be6 18. Rfe1 f3 19. Bf1 g4 20. h3 gxh3 21. Kh2 b6
22. Bxh3 Bxh3 23. Kxh3 Ne7 24. g4 Nxd5 25. cxd5 Nf6 26. Nxf6+ Rxf6 27. e4 Rg6
28. Rbc1 Kg7 29. Rh1 Rh8 30. Kg3 h5 31. Kxf3 Rf8+ 32. Ke2 hxg4 33. Rcg1 Rh8 34.
Rxh8 Kxh8 35. a4 Kg7 36. b3 Kf7 37. Be3 Ke8 38. Kf1 Rg7 39. Kg2 Kf7 40. Rh1 Ke8
41. Rh5 Kd7 42. Kg3 c6 43. Rh8 c5 44. Rh5 Be7 45. Kg2 Bd8 46. Rh6 Be7 47. Rh1
Bd8 48. Rg1 Rh7 49. Kf1 Rh4 50. Ke2 Be7 51. Kd2 Bd8 52. Kc3 b5 53. axb5 Kc7 54.
Kc4 Kb6 55. Rg2 Be7 56. Bd2 Bd8 57. Rg1 Rh2 58. Be3 Rh4 59. Rb1 Rh3 60. Bd2 Rf3
61. Be1 Bh4 62. Rb2 g3 63. fxg3 Bxg3 64. Bxg3 Rxg3 65. Rh2 Rg1 66. Kc3 Rg6 67.
Rh8 Kxb5 68. Rc8 Kb6 69. Kb2 Kb5 70. Ka3 Rg3 71. Ra8 Rxd3 72. Rb8+ Ka6 73. Rc8
Rd4 74. Rc6+ Kb5 75. Rxd6 Rxe4 76. Rd8 Rd4 77. Rb8+ Ka6 78. Rd8 Rd2 79. Rd7 Kb6
80. Rd6+ Kb5 81. Rd8 e4 82. Rb8+ Ka6 83. Re8 Rxd5 84. Rxe4 Kb5 85. Re8 Rd4
1/2-1/2

[Event "Hessen-ch"]
[Site "Frankfurt/Main"]
[Date "2019.05.29"]
[Round "2"]
[White "Alber, Horst"]
[Black "Zude, Erik"]
[Result "1/2-1/2"]
[WhiteElo "2271"]
[BlackElo "2402"]
[PlyCount "64"]
[EventDate "2019.05.29"]
[EventType "swiss"]
[EventRounds "9"]
[EventCountry "GER"]

{[%evp 0,64,16,29,29,-34,4,-76,21,2,14,-7,13,36,20,-25,-22,-4,-17,-32,33,-23,
-24,-24,-24,-25,-30,-70,1,-6,48,31,123,2,24,9,9,-35,-23,-52,-37,-7,124,48,48,0,
23,-45,-45,-45,-35,-59,-35,-35,-17,-17,-18,-56,-28,-8,49,35,58,51,57,32,47]} 1.
d4 d5 2. Bg5 h6 3. Bh4 c5 4. dxc5 Qa5+ 5. Qd2 Qxc5 6. Nc3 d4 7. Na4 Qb5 8. b3
Nc6 9. e3 dxe3 10. Bxb5 exd2+ 11. Kxd2 Bf5 12. Bxc6+ bxc6 13. Nf3 O-O-O+ 14.
Ke2 f6 15. Rhd1 Re8 16. Nd2 e5 17. Nc4 Bxc2 18. Rd2 Bf5 19. Rc1 Bb4 20. Rdd1
Be6 21. Nd6+ Bxd6 22. Rxd6 Kb8 23. Rcxc6 Bc8 24. Rc4 Ne7 25. Rb4+ Ka8 26. Nc3
Rd8 27. Nb5 Kb8 28. f4 exf4 29. Bf2 Rxd6 30. Nxd6+ Ka8 31. Rxf4 Bd7 32. b4 Nc8
1/2-1/2

[Event "Hessen-ch"]
[Site "Frankfurt/Main"]
[Date "2019.05.29"]
[Round "2"]
[White "Arndt, Stefan"]
[Black "Schmidt, Walter"]
[Result "1-0"]
[WhiteElo "2225"]
[BlackElo "2225"]
[PlyCount "85"]
[EventDate "2019.05.29"]
[EventType "swiss"]
[EventRounds "9"]
[EventCountry "GER"]

{[%evp 0,85,18,16,75,61,41,49,63,28,37,19,37,-18,-19,4,5,-3,8,-25,11,11,31,-45,
55,-2,2,-12,29,8,61,53,84,85,63,79,83,83,77,77,73,78,92,90,121,116,144,128,146,
44,66,42,53,46,68,80,71,57,108,42,61,64,122,119,140,124,140,142,171,231,261,
259,373,316,338,261,186,161,226,261,326,350,636,636,643,777,29999,-30000]} 1.
e4 c5 2. Nc3 Nc6 3. Bb5 g6 4. Bxc6 dxc6 5. d3 Bg7 6. f4 Nf6 7. Nf3 O-O 8. O-O
Bg4 9. Qe1 Bxf3 10. Rxf3 e6 11. b3 Ne8 12. Bd2 Nc7 13. a4 Qe7 14. Rd1 b5 15. e5
Rfd8 16. Ne4 Nd5 17. c4 Nb4 18. Bxb4 cxb4 19. axb5 cxb5 20. c5 a5 21. Nd6 Qa7
22. d4 Qa6 23. Qe4 Bf8 24. h4 a4 25. Ra1 a3 26. Ra2 Ra7 27. h5 Rc7 28. Qe1 Qa5
29. Qh4 Be7 30. Qg4 Rcd7 31. f5 exf5 32. Nxf5 Bf8 33. hxg6 fxg6 34. Nd6 Re7 35.
Qh4 Red7 36. c6 Rxd6 37. exd6 Bxd6 38. Qf6 Qc7 39. Qe6+ Kg7 40. Raf2 Rf8 41.
Rxf8 Bxf8 42. Qf6+ Kg8 43. Qxf8# 1-0

[Event "Hessen-ch"]
[Site "Frankfurt/Main"]
[Date "2019.05.29"]
[Round "2"]
[White "Bethke, Richard"]
[Black "Carow, Johannes"]
[Result "1-0"]
[WhiteElo "2246"]
[BlackElo "2445"]
[PlyCount "145"]
[EventDate "2019.05.29"]
[EventType "swiss"]
[EventRounds "9"]
[EventCountry "GER"]

{[%evp 0,145,29,14,53,63,63,44,41,29,49,50,45,51,76,65,52,52,60,37,37,37,38,31,
45,10,41,27,23,2,2,-4,-17,-11,-11,-20,-15,-8,8,-17,-6,-12,-10,-27,-22,-20,-20,
-35,-11,-14,-1,9,21,35,35,43,28,-2,53,3,18,11,1,3,12,23,17,19,18,15,25,15,5,
-64,-21,-77,-72,-78,-82,-93,-55,-76,-66,-100,-79,-62,-45,-46,-89,-126,-74,-121,
-121,-127,-57,-57,-57,-190,-179,-213,-204,-204,-223,-208,-208,-237,-205,-239,
-254,-249,-219,-273,-235,-268,-128,-128,-300,-293,-273,-190,-401,-401,-460,
-286,-202,-300,62,0,100,100,108,108,116,116,507,517,517,517,517,527,527,527,
547,547,547,557,557,567]} 1. e4 c6 2. d4 d5 3. Nc3 dxe4 4. Nxe4 Bf5 5. Ng3 Bg6
6. h4 h6 7. Nf3 e6 8. h5 Bh7 9. Bd3 Bxd3 10. Qxd3 Nf6 11. Bd2 Be7 12. Ne4 O-O
13. O-O-O Nxe4 14. Qxe4 Qd5 15. Qxd5 cxd5 16. Ne5 Nc6 17. Nxc6 bxc6 18. Be3
Rac8 19. Rd3 f6 20. Rb3 Bd6 21. Rb7 Rf7 22. Rxf7 Kxf7 23. f4 f5 24. c3 Rg8 25.
g3 g5 26. hxg6+ Kxg6 27. b4 h5 28. Kd2 Kh6 29. Rh3 Bc7 30. Ke2 a5 31. a3 Kg6
32. Kf3 Ra8 33. Bc1 Bd8 34. Rh2 Bf6 35. Re2 Kf7 36. Rh2 axb4 37. cxb4 Bxd4 38.
Rxh5 c5 39. Rh7+ Kg6 40. Rb7 c4 41. Rc7 Kf6 42. b5 Rb8 43. a4 Ra8 44. b6 Rxa4
45. b7 Rb4 46. Be3 e5 47. fxe5+ Bxe5 48. Rc6+ Ke7 49. Rh6 d4 50. Bf4 Rb3+ 51.
Ke2 Bxf4 52. gxf4 Kd7 53. Rf6 Rxb7 54. Rxf5 Kd6 55. Rf8 Kd5 56. f5 Ke4 57. f6
Rb2+ 58. Ke1 Kd3 59. Rg8 Re2+ 60. Kf1 Re6 61. Rg6 Re5 62. Rg3+ Kd2 63. Rg2+ Kc1
64. f7 Rf5+ 65. Rf2 Rxf7 66. Rxf7 c3 67. Ke2 Kc2 68. Rf3 Kb1 69. Rf1+ Kc2 70.
Rd1 Kb2 71. Kd3 Kb3 72. Rb1+ Ka3 73. Kc2 1-0

[Event "Hessen-ch"]
[Site "Frankfurt/Main"]
[Date "2019.05.29"]
[Round "2"]
[White "Dubiel, Jacek"]
[Black "Henrich, Thomas"]
[Result "1/2-1/2"]
[WhiteElo "2428"]
[BlackElo "2142"]
[PlyCount "29"]
[EventDate "2019.05.29"]
[EventType "swiss"]
[EventRounds "9"]
[EventCountry "GER"]

{[%evp 0,29,18,14,54,54,40,44,133,80,84,35,23,9,6,-3,55,29,25,9,15,-39,-41,-41,
-41,-60,-38,-42,-65,-37,-29,16]} 1. e4 e6 2. Nf3 d5 3. Nc3 Bb4 4. exd5 exd5 5.
d4 Nf6 6. Be2 O-O 7. O-O c6 8. Bg5 Bf5 9. Ne5 Nbd7 10. Nxd7 Bxd7 11. Bd3 h6 12.
Bh4 Re8 13. h3 Be7 14. Re1 Be6 15. Rb1 1/2-1/2

[Event "Hessen-ch"]
[Site "Frankfurt/Main"]
[Date "2019.05.29"]
[Round "2"]
[White "Jakel, Wolfgang"]
[Black "Meyner, Hannes"]
[Result "1-0"]
[WhiteElo "2246"]
[BlackElo "2228"]
[PlyCount "83"]
[EventDate "2019.05.29"]
[EventType "swiss"]
[EventRounds "9"]
[EventCountry "GER"]

{[%evp 0,83,16,-25,-12,2,17,-42,-17,-10,0,-14,21,28,23,29,44,6,28,21,41,1,30,
35,46,46,44,25,25,14,31,-15,2,-16,-24,-33,6,-9,6,4,33,11,41,68,81,-63,-39,-39,
23,-131,-141,-141,-82,-105,-105,-52,-52,-113,-93,-159,-117,-111,-97,-97,-114,
-114,-97,-82,-77,-77,-69,-77,-71,-78,-9,-42,-42,-42,-24,-80,-1,-3,26,991,991,
1337]} 1. c4 e6 2. Nc3 d5 3. e3 Nf6 4. Nf3 Be7 5. b3 b6 6. cxd5 exd5 7. Bb2 O-O
8. Be2 Nbd7 9. Nd4 Nb8 10. Nf3 Re8 11. O-O Bb7 12. d4 a6 13. Qc2 Bd6 14. Rfd1
Nbd7 15. Bf1 Qe7 16. Ne2 Ne4 17. Nf4 Nf8 18. Ne5 c5 19. Nf3 Rad8 20. g3 c4 21.
bxc4 dxc4 22. d5 Bxf4 23. exf4 c3 24. Bc1 Rxd5 25. Re1 b5 26. Ne5 Nd2 27. Bg2
Qc5 28. Re3 b4 29. Rd3 Rdxe5 30. fxe5 Bxg2 31. Kxg2 Qc6+ 32. f3 Nc4 33. Bf4
Nxe5 34. Re3 Nfg6 35. Bxe5 Rxe5 36. Rae1 Rd5 37. Re8+ Nf8 38. R1e2 Qd7 39. Qe4
Rd4 40. Qa8 Qd6 41. Rxf8+ Qxf8 42. Re8 1-0

[Event "Hessen-ch"]
[Site "Frankfurt/Main"]
[Date "2019.05.29"]
[Round "2"]
[White "Keller, Peter"]
[Black "Lesny, Florian"]
[Result "1-0"]
[WhiteElo "2237"]
[BlackElo "2126"]
[PlyCount "129"]
[EventDate "2019.05.29"]
[EventType "swiss"]
[EventRounds "9"]
[EventCountry "GER"]

{[%evp 0,129,29,15,41,41,107,87,89,76,43,57,64,53,62,45,45,42,53,36,52,17,27,
18,24,23,36,36,36,36,31,-14,19,-1,-3,13,13,0,15,35,36,22,42,13,31,27,27,49,49,
42,49,32,59,62,92,69,86,65,66,82,113,88,115,81,95,51,119,81,109,75,97,52,80,72,
90,57,71,43,80,68,59,36,16,18,29,26,33,31,64,55,53,49,75,47,51,59,72,72,72,57,
76,46,51,61,75,-52,86,70,70,41,107,118,118,123,137,92,144,140,164,92,139,164,
164,164,164,175,264,291,384,378,527,446]} 1. e4 c5 2. Nf3 d6 3. d4 cxd4 4. Nxd4
Nf6 5. Nc3 a6 6. f3 e5 7. Nb3 Be6 8. Be3 Nbd7 9. Qd2 Be7 10. O-O-O O-O 11. g4
b5 12. g5 b4 13. gxf6 bxc3 14. Qxc3 Nxf6 15. Na5 Qd7 16. Nc6 Rfc8 17. Nxe7+
Qxe7 18. Qa5 Bc4 19. b3 Bxf1 20. Rhxf1 Rc6 21. Rf2 Rb8 22. Kb1 Rb5 23. Qe1 Qe6
24. Rfd2 Rb8 25. Rd3 Rbc8 26. c4 Ne8 27. Bc1 f5 28. Ka1 fxe4 29. fxe4 Qg6 30.
Ba3 Ra8 31. Bb4 h6 32. a4 Kh7 33. Ka2 Rac8 34. R1d2 Rb8 35. Ba3 Rcb6 36. Qe2
R8b7 37. Rg3 Qe6 38. Rgd3 Qg6 39. Rg3 Qe6 40. Qd1 Nf6 41. Re3 Rd7 42. a5 Rc6
43. h3 Kg8 44. Qf3 Kh7 45. Red3 Kg8 46. Rd5 Qe7 47. R5d3 Qe6 48. Kb2 Kh8 49.
Ka1 Kg8 50. Kb1 Kh8 51. Kb2 Kg8 52. Rd5 Qe7 53. Qd3 Qe6 54. c5 Qf7 55. Rxd6
Rcxd6 56. cxd6 Rb7 57. Ka2 Kh7 58. Bb2 Qe6 59. h4 Kg8 60. Qc4 Qxc4 61. bxc4 Nd7
62. Rc2 Kf7 63. c5 Rb8 64. c6 Nf6 65. d7 1-0

[Event "Hessen-ch"]
[Site "Frankfurt/Main"]
[Date "2019.05.29"]
[Round "2"]
[White "Rubsamen, Cornelius"]
[Black "Dorst, Johannes"]
[Result "1-0"]
[WhiteElo "2208"]
[BlackElo "2262"]
[PlyCount "51"]
[EventDate "2019.05.29"]
[EventType "swiss"]
[EventRounds "9"]
[EventCountry "GER"]

{[%evp 0,51,26,34,79,67,74,63,74,4,-2,2,4,4,4,1,1,4,40,27,50,58,64,58,86,82,81,
85,78,78,109,102,107,101,116,113,114,192,182,162,162,135,162,133,135,135,165,
135,204,139,240,239,358,358]} 1. e4 c6 2. d4 d5 3. e5 Bf5 4. c3 e6 5. Be3 Qb6
6. Qb3 Nd7 7. Nd2 f6 8. f4 fxe5 9. fxe5 Ne7 10. Ngf3 h6 11. Be2 Bh7 12. O-O g5
13. Ne1 Nf5 14. Bf2 Rg8 15. Nd3 O-O-O 16. Qxb6 Nxb6 17. g4 Ne7 18. Nc5 Ng6 19.
Nxe6 Re8 20. Nxf8 Nxf8 21. b3 Ne6 22. Be3 Rg7 23. Rf2 Kd7 24. Nf1 Nc8 25. Ng3
Ne7 26. Nh5 1-0